Statistics for Rocket League Paint Types

Click here to take the quiz!

General Stats

  • This quiz has been taken 540 times
  • The average score is 12 of 13

Answer Stats

Hints!Answers!% Correct
BBlack
100%
LLime
97%
OOrange
97%
PuPurple
97%
CrCrimson
96%
FGForest Green
96%
PPink
96%
GGrey
95%
SBSky Blue
95%
TWTitanium White
92%
CCobalt
85%
SSaffron
84%
BSBurnt Sienna
82%

Score Distribution

Percentile by Number Answered

Percent of People with Each Score

Your Score History

You have not taken this quiz